Pokémon commençant par la lettre S (français) - Statistiques

Statistiques générales
  • Ce quiz a été pris 488 fois
    311 depuis la dernière actualisation
  • Le résultat moyen est 41 sur 70
Statistiques - réponses
Numéro Pokémon % Correct
004 Salamèche
97%
027 Sabelette
95%
028 Sablaireau
94%
336 Séviper
82%
120 Stari
82%
121 Staross
82%
146 Sulfura
80%
127 Scarabrute
77%
214 Scarhino
75%
338 Solaroc
74%
337 Séléroc
73%
245 Suicune
73%
367 Serpang
71%
392 Simiabraz
71%
114 Saquedeneu
70%
109 Smogo
69%
110 Smogogo
69%
093 Spectrum
69%
791 Solgaleo
66%
422 Sancoki
64%
659 Sapereau
64%
096 Soporifik
64%
582 Sorbébé
64%
584 Sorbouboul
64%
583 Sorboul
64%
767 Sovkipou
63%
207 Scorplane
62%
472 Scorvol
61%
327 Spinda
61%
624 Scalpion
60%
625 Scalproie
58%
544 Scobolide
58%
686 Sepiatop
58%
687 Sepiatroce
58%
492 Shaymin
58%
714 Sonistrelle
58%
361 Stalgamin
57%
684 Sucroquin
57%
185 Simularbre
56%
768 Sarmuraï
55%
851 Scolocendre
55%
355 Skelénox
55%
633 Solochi
55%
576 Sidérella
54%
773 Silvallié
53%
763 Sucreine
53%
858 Sorcilence
52%
713 Séracrawl
51%
898 Sylveroy
51%
574 Scrutella
49%
208 Steelix
49%
579 Symbios
49%
849 Salarsen
47%
983 Scalpereur
47%
1009 Serpente-Eau
47%
620 Shaofouine
47%
319 Sharpedo
47%
755 Spododo
47%
932 Selutin
46%
300 Skitty
45%
442 Spiritomb
45%
325 Spoink
43%
897 Spectreval
42%
892 Shifours
41%
952 Scovilain
39%
781 Sinistrail
38%
595 Statitik
38%
703 Strassie
35%
209 Snubbull
34%
964 Superdofin
19%
Aucun quiz correspondant
Distribution des résultats
% des personnes avec chaque résultat
Percentile par nombre de réponses
Votre historique - résultats
Vous n’avez pas pris ce quiz depuis la dernière actualisation